00313nam a2200133Ia 4500008004100000020001800041082001600059100001800075245003500093250000800128260002700136300000800163650000800171191201s2009 xx 000 0 und d a9788177588262 a005.73bAHD aAho, Alfred V 0aData Structures and Algorithms aImp aN.Delhibpearsonc2009 a433 aMCA